"Figaro" o La vida de prisa / (Record no. 72950)

MARC details
000 -LEADER
campo de control de longitud fija 00609nam a2200205 i 4500
001 - NÚMERO DE CONTROL
campo de control 72950
003 - IDENTIFICADOR DE NÚMERO DE CONTROL
campo de control ES-MaACL
005 - FECHA Y HORA DE LA ÚLTIMA TRANSACCIÓN
campo de control 20231209062940.0
007 - CAMPO FIJO DE DESCRIPCIÓN FÍSICA--INFORMACIÓN GENERAL
campo de control de longitud fija t|
008 - DATOS DE LONGITUD FIJA--INFORMACIÓN GENERAL
campo de control de longitud fija 040903s1956 sp ||||1| spa d
100 1# - ENTRADA PRINCIPAL--NOMBRE DE PERSONA
Nombre de persona Gómez-Santos, Marino,
Fechas asociadas al nombre 1930-2020
9 (RLIN) 58158
245 11 - MENCIÓN DEL TÍTULO
Título "Figaro" o La vida de prisa /
Mención de responsabilidad, etc. Marino Gómez-Santos.
260 ## - PUBLICACIÓN, DISTRIBUCIÓN, ETC.
Lugar de publicación, distribución, etc. Madrid :
Nombre del editor, distribuidor, etc. [s.n.,
Fecha de publicación, distribución, etc. 1956] (
Fabricante Gráf. Sánchez)
300 ## - DESCRIPCIÓN FÍSICA
Extensión 276 p. ;
Dimensiones 18 cm.
490 1# - MENCIÓN DE SERIE
Mención de serie El grifón ;
Designación de volumen o secuencia 26
740 3# - ENTRADA AGREGADA--TÍTULO RELACIONADO/ANALÍTICO NO CONTROLADO
Título relacionado o analítico no controlado La vida de prisa.
830 0# - PUNTO DE ACCESO ADICIONAL DE SERIE-TÍTULO UNIFORME
Título uniforme El grifón ;
Designación de volumen o secuencia 26
9 (RLIN) 181273
852 ## - LOCALIZACIÓN
Ubicación ES-MaACL
Número de control de estantería C-11944
Sublocalización o colección R.39980
Holdings
Estatus retirado Estado de pérdida Estado de daño No para préstamo Biblioteca de origen Biblioteca actual Ubicación en estantería Fecha de adquisición Fuente de adquisición Total de préstamos Signatura topográfica completa Código de barras Visto por última vez Precio de reemplazo Tipo de ítem Koha
        Biblioteca del Ateneo de Madrid Biblioteca del Ateneo de Madrid Sala Palomar 17/01/2008     C-11944 1076366 23/02/2023 23/02/2023 Libro impreso